Alex Cross must die / (Record no. 31120)

MARC details
000 -LEADER
fixed length control field 01021nam a22003138i 4500
001 - CONTROL NUMBER
control field 021440177
003 - CONTROL NUMBER IDENTIFIER
control field EG-ScBUE
005 - DATE AND TIME OF LATEST TRANSACTION
control field 20260215092410.0
008 - FIXED-LENGTH DATA ELEMENTS--GENERAL INFORMATION
fixed length control field 240104s2024 enkb f 000 f eng d
020 ## - INTERNATIONAL STANDARD BOOK NUMBER
International Standard Book Number 9781529159912
040 ## - CATALOGING SOURCE
Original cataloging agency StDuBDS
Language of cataloging eng
Description conventions rda
Transcribing agency StDuBDS
Modifying agency EG-ScBUE
082 04 - DEWEY DECIMAL CLASSIFICATION NUMBER
Classification number 813.6
Edition number 22
Item number PAT
100 1# - MAIN ENTRY--PERSONAL NAME
Personal name Patterson, James,
Dates associated with a name 1947-
Relator term author.
245 10 - TITLE STATEMENT
Title Alex Cross must die /
Statement of responsibility, etc James Patterson.
264 #1 - PUBLICATION, DISTRIBUTION, ETC. (IMPRINT)
Place of publication, distribution, etc London :
Name of publisher, distributor, etc Penguin Books,
Date of publication, distribution, etc 2024.
300 ## - PHYSICAL DESCRIPTION
Extent 400 pages :
Other physical details maps (black and white) ;
Dimensions 20 cm.
336 ## - CONTENT TYPE
Content type term text
Source rdacontent
Content type code txt
336 ## - CONTENT TYPE
Content type term cartographic image
Source rdacontent
Content type code txt
337 ## - MEDIA TYPE
Media type term unmediated
Source rdamedia
Media type code n
338 ## - CARRIER TYPE
Carrier type term volume
Source rdacarrier
Carrier type code nc
490 0# - SERIES STATEMENT
Series statement Alex Cross
500 ## - GENERAL NOTE
General note Originally published: London: Century, 2023.
600 17 - SUBJECT ADDED ENTRY--PERSONAL NAME
Personal name Cross, Alex
Titles and other words associated with a name (Fictitious character)
Form subdivision Fiction.
Source of heading or term BUEsh
650 #7 - SUBJECT ADDED ENTRY--TOPICAL TERM
Topical term or geographic name as entry element Police
Geographic subdivision Washington (D.C.)
Form subdivision Fiction.
Source of heading or term BUEsh
653 ## - INDEX TERM--UNCONTROLLED
Arrived date list February2026
Resource For college Humanities: English
655 ## - INDEX TERM--GENRE/FORM
Form subdivision Reading book
942 ## - ADDED ENTRY ELEMENTS (KOHA)
Source of classification or shelving scheme Dewey Decimal Classification
Koha item type Book - Borrowing
Holdings
Withdrawn status Lost status Source of classification or shelving scheme Damaged status Not for loan Collection code Home library Current library Shelving location Date acquired Source of acquisition Cost, normal purchase price Serial Enumeration / chronology Total Checkouts Full call number Barcode Date last seen Cost, replacement price Price effective from Koha item type
    Dewey Decimal Classification     Alahram Central Library Central Library Second Floor 15/02/2026 Purchase 520.00 60   813.6 PAT 000057525 15/02/2026 650.00 15/02/2026 Book - Borrowing